UBT Library

The fall of the house of Bush : (Record no. 40204)

000 -LEADER
fixed length control field 01030cam a2200277 a 4500
001 - CONTROL NUMBER
control field 15026367
005 - DATE AND TIME OF LATEST TRANSACTION
control field 20180112065045.0
008 - FIXED-LENGTH DATA ELEMENTS--GENERAL INFORMATION
fixed length control field 070928s2007 nyuaf b 001 0 eng
010 ## - LIBRARY OF CONGRESS CONTROL NUMBER
LC control number 2007040287
020 ## - INTERNATIONAL STANDARD BOOK NUMBER
International Standard Book Number 9780743280754 (alk. paper)
020 ## - INTERNATIONAL STANDARD BOOK NUMBER
International Standard Book Number 074328075X (alk. paper)
035 ## - SYSTEM CONTROL NUMBER
System control number (OCoLC)ocn173748598
035 ## - SYSTEM CONTROL NUMBER
System control number (OCoLC)173748598
Canceled/invalid control number (OCoLC)153578751
040 ## - CATALOGING SOURCE
Original cataloging agency DLC
Transcribing agency DLC
Modifying agency BAKER
-- YDXCP
-- BTCTA
-- JED
-- C#P
-- VP@
-- DLC
041 ## - LANGUAGE CODE
Language code of text/sound track or separate title eng
043 ## - GEOGRAPHIC AREA CODE
Geographic area code n-us---
080 ## - UNIVERSAL DECIMAL CLASSIFICATION NUMBER
Universal Decimal Classification number 973.931092 CRA
082 00 - DEWEY DECIMAL CLASSIFICATION NUMBER
Classification number 973.931092 CRA
Edition number 22
100 1# - Rafti
Rafti 20
101 ## - Shkurtesa
Shkurtesa POL
245 14 - TITLE STATEMENT
Title The fall of the house of Bush :
Statement of responsibility, etc Craig Unger.
504 ## - BIBLIOGRAPHY, ETC. NOTE
Bibliography, etc Includes bibliographical references (p. 407-416) and index.
906 ## - LOCAL DATA ELEMENT F, LDF (RLIN)
a 7
b cbc
c orignew
d 1
e ecip
f 20
g y-gencatlg
942 ## - ADDED ENTRY ELEMENTS (KOHA)
Source of classification or shelving scheme
Item type Books
Holdings
Withdrawn status Lost status Source of classification or shelving scheme Damaged status Not for loan Permanent location Current location Date acquired Total Checkouts Full call number Barcode Date last seen Price effective from Koha item type
          UBT - Lipjan UBT - Lipjan 01/12/2018   973.931092 CRA 002-2995324 01/12/2018 01/12/2018 Books
UBT Library © 2015-2024. All rights reserved University Education for Business and Technology